Eichmann en Jerusalén. Un estudio sobre la banalidad del mal.

Uloženo v:
Podrobná bibliografie
Hlavní autor: Arendt, Hannah (autora)
Médium: Kniha
Jazyk:španělština
Vydáno: Barcelona, España: Lumen, 1999.
Vydání:Segunda edición.
Edice:Colección Palabra en el Tiempo,
Témata:
Tagy: Přidat tag
Žádné tagy, Buďte první, kdo vytvoří štítek k tomuto záznamu!

MARC

LEADER 00000cam a2200000 a 4500
001 UCO7692
003 CL-VaPUC
005 20240315125850.0
008 001117t19990000SP |||||||||||||||||spa|d
999 |c 441489  |d 441487 
020 |a 84-264-1271-8 
040 |c Pontificia Universidad Católica de Valparaíso 
082 0 4 |a 341.69 ARE 1999  |2 21 
100 |a Arendt, Hannah  |e autora  |9 303594 
245 1 0 |a Eichmann en Jerusalén.  |b Un estudio sobre la banalidad del mal. 
250 |a Segunda edición. 
260 |a Barcelona, España:  |b Lumen,   |c 1999. 
300 |a 460 páginas.  
490 0 |a Colección Palabra en el Tiempo,   |n  271. 
500 |a c.1 Donación Sr. Jorge Precht Pizarro. 26-05-23. Biblioteca Teología. 
583 |a last modification  |c 20150406 09:21:54  |k Yessy Sthefany Diaz Vidal 
600 0 |a Eichmann, Adolfo   |9 884016  |x Teniente coronel y criminal alemán   |x Segunda Guerra Mundial  |v Análisis psicológico, social y político  
650 0 |a Holocausto judio  |9 882580  |x Crímenes de guerra  |x 1939-1945  |z Alemania 
942 |c BK  |2 ddc 
952 |0 0  |1 0  |2 ddc  |4 0  |6 341_690000000000000_ARE_1999  |7 0  |8 A  |9 591096  |a BIBTEO  |b BIBTEO  |c GEN  |d 2023-08-02  |e Donación   |i 5658249  |o 341.69 ARE 1999  |p 5658249  |r 2025-01-17  |t 1  |w 2023-08-02  |y BK  |k ICR